Global capitalism : (Record no. 23565)
[ view plain ]
| 000 -LEADER | |
|---|---|
| fixed length control field | 00709nam a2200217 a 4500 |
| 005 - DATE AND TIME OF LATEST TRANSACTION | |
| control field | 20140310183455.0 |
| 008 - FIXED-LENGTH DATA ELEMENTS--GENERAL INFORMATION | |
| fixed length control field | 090803s19uu xx 00 eng d |
| 020 ## - INTERNATIONAL STANDARD BOOK NUMBER | |
| International Standard Book Number | 9780393058086 |
| 050 ## - LIBRARY OF CONGRESS CALL NUMBER | |
| Classification number | HF 1359 |
| Item number | .F735 2006 |
| 100 ## - MAIN ENTRY--PERSONAL NAME | |
| Personal name | Frieden, Jeffry A. |
| 245 ## - TITLE STATEMENT | |
| Title | Global capitalism : |
| Remainder of title | its fall and rise in the twentieth century / |
| Statement of responsibility, etc | Jeffry A. Frieden. |
| 260 ## - PUBLICATION, DISTRIBUTION, ETC. (IMPRINT) | |
| Place of publication, distribution, etc | New York : |
| Name of publisher, distributor, etc | W.W Norton & Company Inc, |
| Date of publication, distribution, etc | 2006. |
| 300 ## - PHYSICAL DESCRIPTION | |
| Extent | 556 p. : |
| Dimensions | 27 cm. |
| 521 ## - TARGET AUDIENCE NOTE | |
| Target audience note | |
| 650 ## - SUBJECT ADDED ENTRY--TOPICAL TERM | |
| Topical term or geographic name as entry element | International economic relations |
| General subdivision | History |
| -- | 20th century. |
| 650 ## - SUBJECT ADDED ENTRY--TOPICAL TERM | |
| Topical term or geographic name as entry element | Capitalism |
| General subdivision | History |
| -- | 20th century |
| 650 ## - SUBJECT ADDED ENTRY--TOPICAL TERM | |
| Topical term or geographic name as entry element | Global aspects |
| General subdivision | History |
| -- | 20th century. |
| 942 ## - ADDED ENTRY ELEMENTS (KOHA) | |
| Koha item type | Books |
| Source of classification or shelving scheme | Library of Congress Classification |
| Call number prefix | Foreign |
| Withdrawn status | Lost status | Source of classification or shelving scheme | Damaged status | Home library | Current library | Shelving location | Date acquired | Source of acquisition | Cost, normal purchase price | Total Checkouts | Full call number | Barcode | Date last seen | Copy number | Price effective from | Koha item type |
|---|---|---|---|---|---|---|---|---|---|---|---|---|---|---|---|---|
| Library of Congress Classification | College Library | College Library | General Circulation Section | 11/16/2009 | Donation | 2240.00 | HF 1359 .F735 2006 | C10706 | 05/15/2018 | 1 | 10/18/2013 | Books | ||||
| Library of Congress Classification | College Library | College Library | General Circulation Section | 01/20/2014 | Donation | HF 1359 .F735 2006 | C10512 | 05/15/2018 | 2 | 01/20/2014 | Books |